Posúdenie zmeny vnútroročného rozdelenia odtoku v budúcich desaťročiach na vybranom povodí

Salvato in:
Dettagli Bibliografici
Autore principale: Chebeňová, Tatiana, 1980- (Autore)
Altri autori: Hlavčová, Kamila, 1959- (Relatore della tesi)
Natura: Manoscritto Libro
Lingua:slovacco
Pubblicazione: Bratislava : STU v Bratislave SvF, 2010
Soggetti:
Accesso online:VAIS
Tags: Aggiungi Tag
Nessun Tag, puoi essere il primo ad aggiungerne!!

MARC

LEADER 00000ntm a22000003a 4500
001 stu216900
005 20160721135528.5
008 101117s2010----xo------------------slo-d
040 |a STU  |b slo 
041 0 |a slo 
044 |a xo 
100 1 |a Chebeňová, Tatiana,  |d 1980-  |4 aut  |X 24444  |7 A000024444 
242 0 0 |a Estimation of changes in seasonal runoff distribution in future decades in a selected basin  |y eng 
245 1 |a Posúdenie zmeny vnútroročného rozdelenia odtoku v budúcich desaťročiach na vybranom povodí  
260 |a Bratislava :  |b STU v Bratislave SvF,  |c 2010 
650 7 |a krajinárstvo a krajinné plánovanie  |2 stusub 
650 7 |a Landscaping and Landscape Planning  |2 estusub 
650 7 |a zmeny odtoku  |2 stusub 
700 1 |a Hlavčová, Kamila,  |d 1959-  |4 ths  |u V160  |U SvF Stavebná fakulta  |T SvF Katedra vodného hospodárstva krajiny  |X 905  |U V160  |Y 16  |7 A000000905 
856 4 |a info a plný text  |u http://is.stuba.sk/zp/portal_zp.pl?podrobnosti=72506  |3 VAIS